=LDR 00000nam 2200000 4500 =001 NUTBA000000000000575 =005 20140325171005.0 =006 =007 =008 =020 ##$$a 979-518-234-X =035 ##$$a 0010-031400000000574 =082 ##$$a 621.3 =090 ##$$a 621.3 Sur d =100 ##$$a Suryatmo F. =245 ##$$a Dasar - dasar teknik listrik =250 ##$$a Cet.4 =260 ##$$a Jakarta $b Rineka Cipta $c 2005 =300 ##$$a ix,276 hlm $b ilus $c 22 cm =850 ##$$a NBPNMAT =990 ##$$a 91656/BPAP-NTB/2014 =990 ##$$a 21400613/BPAP-NTB/20142014 =990 ##$$a 21400613/BPAP-NTB/20142014